| 000 | 00653nam a2200253Ia 4500 | ||
|---|---|---|---|
| 003 | OSt | ||
| 005 | 20221005042008.0 | ||
| 006 | a|||||r|||| 00| 0 | ||
| 007 | ta | ||
| 008 | 221004b |||||||| |||| 00| 0 urd d | ||
| 020 | _c50 | ||
| 024 | _a12438 | ||
| 037 | _cTextual | ||
| 040 |
_aCRL _cCRL _burd |
||
| 041 |
_2urd _aurd |
||
| 082 | _aO168,2:g, M4 | ||
| 100 |
_aZahooruddin _9590160 |
||
| 245 | 0 | _aHaqeeqat nigari aur urdu drama | |
| 260 |
_aDelhi _bSimant Prakashan India _c1984 |
||
| 650 | _a URDU DRAMA | ||
| 650 | _aURDU LITERATURE | ||
| 942 |
_hO168,2:g, M4 _cTEXL _2cc |
||
| 999 |
_c949435 _d949435 |
||